LEADER 01074nam a2200241 i 4500 001 000000119601 003 CaOOAMICUS 005 20031030000000.0 008 031030s1999 it u000 u ita u 013 $a92295 040 $aSeMil$bita 100 1 $aGandolfo Donatiello, Biancamaria.$0(OLS)http://semarc/name/49854 245 13$aLa figura di padre Leonardo da Porto Maurizio :$battraverso alcuni suoi inediti /$cBiancamaria Gandolfo Donatiello. 260 $aImperia :$bCentro Studi Leonardiani,$c1999. 300 $a126 p. :$bill. ;$c22 cm. 500 $aFondo Card. C.M. Martini. 600 04$aLeonardo : da Porto Maurizio .$0(OLS)http://semarc/subject/4492 850 $aSeMil 852 $aSeMil$W1$xVenegono$y1$m3H IV 112$j74808$B74808$CSeMilBibl$Z2$F87312 $81 941 1 $a4 961 $aOmaggio: Martini Card. Carlo Maria 996 $6245$aLa figura di padre Leonardo da Porto Maurizio :$battraverso alcuni suoi inediti$9(OLS)http://semarc/title/175810 996 $6260$aImperia :$bCentro Studi Leonardiani$9(OLS)http://semarc/publisher/45917 LEADER 00964nam a2200193 i 4500 001 000000069033 003 CaOOAMICUS 005 20130502000000.0 008 130502s1890 xx u000 u lat u 013 $a40205 040 $aSeMil$bita 245 10$aPhysicae. Pars secunda. 300 $a256 p. 490 0 $aBibliotheca theologiae et philosophiae scholasticae 773 0 $aTommaso : d'Aquino $tSumma philosophiae.$bEditio juxta alteram parisiensem vulgatam a canonicis regularibus ord. S. Aug. ... / adornata a Bonifacio Felchlin et Francisco Beringer$dParisiis : Sumptibus et typis Lethielleux, 1885.$kBibliotheca theologiae et philosophiae scholasticae$gTomus2$w()28440 830 0$aBibliotheca theologiae et philosophiae scholasticae.$0(OLS)http://semarc/title/38603 850 $aSeMil 852 $aSeMil$W1$xVenegono$y1$m2O V 3 FA$j35186$B35186$CSeMilBibl$Z2$F35189 $8I 996 $6245$aPhysicae. Pars secunda$9(OLS)http://semarc/title/110481